[Event "Canadian op"]
[Site "Edmonton"]
[Date "2005.07.16"]
[Round "9"]
[White "Tomaras, Pavlos"]
[Black "Klein, Felix"]
[Result "0-1"]
[WhiteElo "1886"]
[BlackElo "2123"]
[PlyCount "82"]
[EventDate "2005.07.09"]
[EventType "swiss"]
[EventRounds "10"]
[EventCountry "CAN"]
[SourceTitle "CBM 107 Extra"]
[Source "ChessBase"]
[SourceDate "2005.09.01"]
[SourceVersion "1"]
[SourceVersionDate "2005.09.01"]
[SourceQuality "1"]

1. e4 c5 2. d4 cxd4 3. c3 dxc3 4. Nxc3 e6 5. Nf3 Nc6 6. Bc4 a6 7. 0-0 Nge7 8. Qe2 Ng6 9. Rd1 Be7 10. Be3 b5 11. Bb3 0-0 12. Rac1 Bb7 13. Rd2 Qc7 14. Nd5 exd5 15. exd5 Bb4 16. Rdc2 Nf4 17. Qd1 Rad8 18. Ng5 Qe5 19. Nxf7 Rxf7 20. dxc6 Bxc6 21. Bxf7+ Kxf7 22. Rxc6 dxc6 23. Qxd8 Ne2+ 24. Kf1 Nxc1 25. Qd7+ Kg8 26. Qd8+ Bf8 27. Bxc1 Qxh2 28. Be3 Qh1+ 29. Ke2 Qxg2 30. Qc8 Qe4 31. b3 a5 32. f3 Qd5 33. Bd2 a4 34. bxa4 bxa4 35. a3 c5 36. Qe8 Qc4+ 37. Kf2 Qa2 38. Qe3 Qb3 39. Qxb3+ axb3 40. Bc3 c4 41. Ke3 Bxa3 0-1

[Event "Canadian op"]
[Site "Edmonton"]
[Date "2005.07.10"]
[Round "2"]
[White "Tomaras, Pavlos"]
[Black "Barclay, Wayne"]
[Result "1-0"]
[WhiteElo "1886"]
[BlackElo "2243"]
[PlyCount "173"]
[EventDate "2005.07.09"]
[EventType "swiss"]
[EventRounds "10"]
[EventCountry "CAN"]
[SourceTitle "CBM 107 Extra"]
[Source "ChessBase"]
[SourceDate "2005.09.01"]
[SourceVersion "1"]
[SourceVersionDate "2005.09.01"]
[SourceQuality "1"]

1. e4 e6 2. d4 d5 3. exd5 exd5 4. Nf3 Bd6 5. Nc3 c6 6. Be2 Ne7 7. Bg5 Qb6 8. Rb1 Ng6 9. 0-0 0-0 10. b4 Nf4 11. Bxf4 Bxf4 12. b5 Qa5 13. Rb3 Nd7 14. Qd3 Qc7 15. g3 Bh6 16. Nh4 g6 17. f4 Re8 18. Bf3 Bg7 19. Bg2 Nf6 20. a4 c5 21. dxc5 Qxc5+ 22. Kh1 Ng4 23. Nd1 d4 24. h3 Nf6 25. c3 Be6 26. cxd4 Qc4 27. d5 Bxd5 28. Bxd5 Qxd5+ 29. Qf3 Ne4 30. Kh2 Rac8 31. Rd3 Qa2+ 32. Ng2 Nd2 33. Rxd2 Qxd2 34. f5 Re2 35. Nde3 Rc3 36. fxg6 hxg6 37. Qxf7+ Kh7 38. Rf4 Qxe3 39. Rh4+ Qh6 40. Rxh6+ Kxh6 41. Qf4+ Kh7 42. Qh4+ Bh6 43. Qf6 Rcc2 44. Qf7+ Bg7 45. Qxb7 Rxg2+ 46. Qxg2 Rxg2+ 47. Kxg2 Bc3 48. Kf3 Kg7 49. g4 Be1 50. Ke2 Bg3 51. Kf3 Bc7 52. h4 Kf6 53. Ke4 Ke6 54. h5 g5 55. Kd4 Bb6+ 56. Ke4 Ba5 57. Kd4 Bb4 58. Kc4 Bd2 59. Kd3 Be1 60. Ke4 Bc3 61. Kd3 Ba5 62. Kd4 Bb6+ 63. Ke4 Ba5 64. Kd4 Be1 65. Ke4 Bc3 66. Kd3 Ba5 67. Kd4 Bc7 68. Kc5 Ke5 69. Kc6 Bb6 70. Kb7 Kf4 71. h6 Kxg4 72. h7 Bd4 73. a5 Kf5 74. b6 axb6 75. a6 Kg6 76. a7 Kxh7 77. a8Q Bc5 78. Qe8 Kg7 79. Qe6 Bf2 80. Qf5 Bc5 81. Qxg5+ Kf7 82. Qf5+ Ke7 83. Kc6 Ke8 84. Qd7+ Kf8 85. Kd5 Kg8 86. Ke6 Kh8 87. Kf6 1-0

[Event "Canadian op"]
[Site "Edmonton"]
[Date "2005.07.09"]
[Round "1"]
[White "Thomas, Derek"]
[Black "Tomaras, Pavlos"]
[Result "0-1"]
[WhiteElo "1300"]
[BlackElo "1886"]
[PlyCount "88"]
[EventDate "2005.07.09"]
[EventType "swiss"]
[EventRounds "10"]
[EventCountry "CAN"]
[SourceTitle "CBM 107 Extra"]
[Source "ChessBase"]
[SourceDate "2005.09.01"]
[SourceVersion "1"]
[SourceVersionDate "2005.09.01"]
[SourceQuality "1"]

1. c4 e5 2. Nc3 Nc6 3. e4 f5 4. d3 Nf6 5. Nf3 Bc5 6. Be2 0-0 7. 0-0 d6 8. Bg5 Ne7 9. Nd5 Nexd5 10. cxd5 Qe8 11. Be3 fxe4 12. dxe4 Bxe3 13. fxe3 Nxe4 14. Qc2 Nc5 15. Ng5 Rxf1+ 16. Rxf1 Qg6 17. Qxg6 hxg6 18. Bc4 Bf5 19. Ne6 Nxe6 20. dxe6 Re8 21. e7+ Kh7 22. Rf3 Rxe7 23. e4 Bg4 24. Rb3 b6 25. Bd5 Be6 26. Bxe6 Rxe6 27. Kf2 Kg8 28. Rf3 Rf6 29. Ke3 Rxf3+ 30. gxf3 Kf7 31. Kd3 Ke6 32. Kc4 c6 33. Kd3 d5 34. exd5+ cxd5 35. Ke3 Kf5 36. b3 a5 37. a3 b5 38. a4 b4 39. h3 d4+ 40. Ke2 g5 41. Kd3 Kf4 42. Ke2 g6 43. Kf2 d3 44. Ke1 Kxf3 0-1